Seleções que participaram de apenas uma Copa do Mundo da FIFA - Statistics

Estatísticas Gerais
  • Esse quiz foi jogado 33 vezes
  • A pontuação média é 14 de 20
Estatísticas das Respostas
Edição Seleção % Correto
Catar 2022 Catar
92%
Alemanha Ocidental 1974 Zaire (República Democrática do Congo)
88%
Brasil 2014 Bósnia e Herzegovina
80%
França 1938 Cuba
80%
Alemanha 2006 Trinidad e Tobago
80%
Alemanha 2006 Angola
76%
França 1938 Índias Orientais Neerlandesas (Indonésia)
76%
México 1986 Iraque
72%
Rússia 2018 Islândia
72%
México 1970 Israel
72%
França 1998 Jamaica
72%
Rússia 2018 Panamá
72%
Alemanha 2006 Togo
72%
Alemanha Ocidental 1974 Haiti
68%
Coreia do Sul e Japão 2002 China
64%
Itália 1990 Emirados Árabes Unidos
64%
África do Sul 2010 Eslováquia
64%
Espanha 1982 Kuwait
56%
Alemanha 2006 Ucrânia
56%
Alemanha Ocidental 1974 Alemanha Oriental
36%
Nenhum quiz correspondente encontrado
Distribuição das Pontuações
Porcentagem de Pessoas com Cada Pontuação
Percentil de Números Respondidos
Sua Pontuação Histórica
Você não jogou esse quiz